Responses for Show #7459 - Thursday, February 2, 2017

Lisa Schlitt game 5.

Contestants

[<< previous game]

Sean Dennison, a graduate student and teacher from Los Angeles, California

Warren Toland, a National Guard recruiter from Torrington, Connecticut

Lisa Schlitt, a microbiologist from Berwyn, Pennsylvania (whose 4-day cash winnings total $85,000)

[next game >>]

Jeopardy! Round responses

THEIR ORIGINAL NAMES
LINES ON THE MAP
FUNERALS
BETWEEN THREE & TWO
(Alex: Each correct response will be a word that comes [*] in the dictionary.)
FREQUENT FLIERS
M.D.s
    $200 7
Eminem

Lisa
    $200 1
the Mason-Dixon line

Lisa
    $200 28
lying in state

Lisa
    $200 16
a thunderclap

Lisa
    $200 12
the Concorde

Warren
    $200 6
Surgeon General

Lisa
    $400 8
(Lisa: Who is Spike Jonze?)

Woody Allen

Lisa
Triple Stumper
    $400 2
the Arctic Circle

Lisa
    $400 23
requiem

Triple Stumper
    $400 15
tiddlywinks

Warren
    $400 13
Southwest

Lisa
    $400 20
Hippocrates

Sean
    $600 9
Elton John

Warren
    $600 3
the Gulf of Tonkin

Sean
    $600 24
a dirge

Triple Stumper
    $600 19
trustees

Triple Stumper
    $600 14
Aer Lingus

Sean
    $600 25
(Alex: With less than a minute to go.)

Concussion

Sean
    $800 10
Kat Dennings

Sean
    $800 4
Wyoming and Colorado

Sean
    $800 29
(Warren: What is a pall?)

a bier

Warren
Triple Stumper
    $800 21
the timber line

Sean
    $2,000 17
KLM

Lisa
    $800 27
Gray's

Warren
    $1000 11
Lana Del Rey

Lisa
    $1000 5
Fez

Sean
    $1000 26
the Honor Guard

Lisa
    $1000 22
treacle

Sean
    $1000 18
Aeroflot

Lisa
    $1000 30
(Lisa: What is glaucoma?)

a cataract

LisaSean

Scores at the first commercial break (after clue 15):

Lisa Warren Sean
$2,000 $1,200 $3,800

Scores at the end of the Jeopardy! Round:

Lisa Warren Sean
$5,400 $1,200 $7,600

Double Jeopardy! Round responses

EMMY-WINNING WOMEN
RAINFORESTS
19th CENTURY LITERARY MARRIAGES
HISTORIC NAMES
THIS, OR THAT
OTHER MDs
    $400 25
Betty White

Warren
    $400 12
Brazil

Lisa
    $400 17
Rip Van Winkle

Lisa
    $400 2
Catherine the Great

Lisa
    $400 1
a mouth

Lisa
    $400 22
managing director

Triple Stumper
    $800 6
Viola Davis

Lisa
    $800 13
(Warren: What is equatorial?)

tropical

LisaWarren
    $800 18
Uncle Tom's Cabin

Lisa
    $1,500 3
(Francisco) Pizarro

Lisa
    $800 8
salt

Warren
    $800 23
bipolar disorder

Sean
    $1200 24
Transparent

Lisa
    $1,000 14
the canopy

Lisa
    $1200 19
Henry James

Lisa
    $1200 4
Roger Williams

Lisa
    $1200 9
a wallflower

Warren
    $1200 26
(Lisa: Who is Lord Baltimore's family... of [*]?)
(Alex: That's it, [*].)

the Calverts

Lisa
    $1600 29
The Jeffersons

Lisa
    $1600 15
a spider monkey

Lisa
    $1600 20
Middlemarch

Sean
    $1600 5
Maximilian

Sean
    $1600 10
a passage

Lisa
    $1600 27
muscular dystrophy

Warren
    $2000 30
Orphan Black

Lisa
    $2000 16
Costa Rica

Triple Stumper
    $2000 21
Madame Bovary

Lisa
    $2000 7
Cicero

Triple Stumper
    $2000 11
shaker

Lisa
    $2000 28
the right hand

Sean

Scores at the end of the Double Jeopardy! Round:

Lisa Warren Sean
$27,500 $4,400 $13,600
(lock game)

[wagering suggestions for these scores]

Final Jeopardy! Round responses

THE U.S.A.
(Alex: [To Lisa] She wrote down "Pennsylvania", in its entirety, and then "Massa-chu-chu-chu"--)
[Lisa laughs.]
(Alex: Will we a--no, we're not going to accept that--)
(Lisa: No.)
(Alex: --because--although Massachusetts is right.)
WarrenWhat are Pennsylvania and Delaware?
$0
SeanWhat are Rhode Island and Delaware?
$13,600
LisaWhat are Pennsylvania & Massachuset
$200
Pennsylvania & Massachusetts

Final scores:

Lisa Warren Sean
$27,300 $4,400 $0
5-day champion: $112,300 2nd place: $2,000 3rd place: $1,000

Game dynamics:

Coryat scores:

Lisa Warren Sean
$25,800 $4,400 $13,600
30 R
(including 3 DDs),
2 W
8 R,
2 W
14 R,
0 W

Combined Coryat: $43,800

[game clues] [game scores] [suggest correction]

Game tape date: 2016-11-08
The J! Archive is created by fans, for fans. Scraping, republication, monetization, and malicious use prohibited; this site may use cookies and collect identifying information. See terms. The Jeopardy! game show and all elements thereof, including but not limited to copyright and trademark thereto, are the property of Jeopardy Productions, Inc. and are protected under law. This website is not affiliated with, sponsored by, or operated by Jeopardy Productions, Inc. Join the discussion at JBoard.tv.